Rozpočtová analýza a stratégia rozvoja obce diplomová práca

Gespeichert in:
Bibliographische Detailangaben
1. Verfasser: Antoš, Marek
Körperschaft: Národohospodárska fakulta EU. Katedra verejnej správy a regionálneho rozvoja
Weitere Verfasser: Žárska, Elena, 1955-
Format: Buch
Sprache:Slowakisch
Veröffentlicht: Bratislava 2010
Tags: Tag hinzufügen
Keine Tags, Fügen Sie das erste Tag hinzu!

MARC

LEADER 00000nam a2200000 4500
001 0122042
005 20240318123409.6
041 0 |a slo 
044 |a SK 
245 1 0 |a Rozpočtová analýza a stratégia rozvoja obce  |b diplomová práca  |c Marek Antoš ; škol. Elena Žárska 
264 1 |a Bratislava  |c 2010 
300 |a 69 s. 
100 1 |a Antoš, Marek 
700 1 |a Žárska, Elena, 1955- 
710 2 |a Národohospodárska fakulta EU. Katedra verejnej správy a regionálneho rozvoja